Descubriendo el mágico mundo de Picasso
Gespeichert in:
| 1. Verfasser: | |
|---|---|
| Format: | Buch |
| Sprache: | Spanisch |
| Veröffentlicht: |
Barcelona
SRL
2004
|
| Schlagworte: | |
| Tags: |
Tag hinzufügen
Keine Tags, Fügen Sie den ersten Tag hinzu!
|
MARC
| LEADER | 00000nam a2200000 a 4500 | ||
|---|---|---|---|
| 001 | UCG2249 | ||
| 003 | CL-VaPUC | ||
| 008 | 100624e20040000SP |||||||||||||||||spa|d | ||
| 020 | |a 848963436X | ||
| 082 | 0 | 4 | |a 8 |b JOR |2 21 |
| 100 | |a Jordá, María J |e author |9 550661 | ||
| 245 | 1 | 0 | |a Descubriendo el mágico mundo de Picasso |
| 300 | |a 34 p | ||
| 942 | |c BK | ||
| 945 | |d 20100624 00:00:00 |a dcastane | ||
| 260 | |a Barcelona |b SRL |c 2004 | ||
| 600 | 0 | 7 | |a PICASSO, PABLO RUIZ |2 CL-VaPUC |9 550662 |
| 650 | 0 | |a Arte |9 265238 | |
| 650 | 0 | |a Pintura |9 265046 | |
| 650 | 0 | |a Cubismo |9 265275 | |
| 583 | |a last modification |c 20100624 00:00:00 |k Rodrigo Vera | ||
| 999 | |c 341476 |d 341474 | ||
| 952 | |0 0 |1 0 |4 0 |6 8_000000000000000_JOR_2004 |7 0 |8 C |9 436990 |a BIBCUR |b BIBCUR |d 2019-11-22 |i 467104K |l 1 |o 8 JOR 2004 |p 467104K |r 2025-04-22 |s 2024-04-09 |w 2019-11-22 |y BK |k INF | ||